000 00421nam a2200169Ia 4500
008 221030s9999 xx 000 0 und d
020 _a8170298326
041 _aEnglish
082 _a105.23
100 _aB. Ezzell
245 0 _aNT 4 / Windows 95 Developer`s Handbook TM ( DEPARTMENTAL )
260 _bBPB Pub
_aNew Delhi
_c1997
300 _a1366
650 _aCSE Departmental
700 _aJ. Blaney
942 _cBK
999 _c5568
_d5568